| 000 | 00979nam a2200277 a 4500 | ||
|---|---|---|---|
| 001 | BRCA_4562 | ||
| 005 | 20190320204722.0 | ||
| 008 | 990510s1998####sp-######b---#000-1#spa-# | ||
| 020 | _a8488333315 | ||
| 041 | _aspa | ||
| 044 | _asp | ||
| 050 | 4 |
_aPQ6419 _b.P75 1998 |
|
| 245 | 1 | 0 |
_aPrimaleón _bSalamanca, 1512 _cedición de Ma. Carmen Marín Pina. |
| 260 |
_aAlcalá de Henares [España] _bCentro de Estudios Cervantinos _c1998 |
||
| 300 |
_axxiii, 555 p. _c24 cm. |
||
| 440 | 0 |
_aLos libros de Rocinante _v3 _911554 |
|
| 500 | _aContinuación de: Palmerín de Oliva | ||
| 504 | _aBibliografía: p. xxiii | ||
| 630 | 0 | 4 |
_aRoman de Tristan en prosa _xTraducciones al español _911555 |
| 650 | 1 | 4 |
_aTristán (legendario personaje) _xRomances _911556 |
| 650 | 1 | 4 |
_aRomances del rey Arturo _xHistoria y crítica _911557 |
| 700 | 1 |
_aMarín Pina, Ma. Carmen _q(María Carmen) _eEditora _911558 |
|
| 730 | 0 |
_aPalmerín de Oliva (Romance) _911559 |
|
| 902 | _aCERV | ||
| 942 |
_2lcc _cB |
||
| 999 |
_c4267 _d4267 |
||